Exploring variations in contracting for services among American local governments: do politics still matter? (Record no. 81230)

000 -LEADER
fixed length control field 01385pab a2200205 454500
008 - FIXED-LENGTH DATA ELEMENTS--GENERAL INFORMATION
fixed length control field 180718b2008 xxu||||| |||| 00| 0 eng d
100 ## - MAIN ENTRY--PERSONAL NAME
Personal name Fernandez, Sergio
245 ## - TITLE STATEMENT
Title Exploring variations in contracting for services among American local governments: do politics still matter?
260 ## - PUBLICATION, DISTRIBUTION, ETC.
Date of publication, distribution, etc. 2008
300 ## - PHYSICAL DESCRIPTION
Extent p.439-62.
362 ## - DATES OF PUBLICATION AND/OR SEQUENTIAL DESIGNATION
Dates of publication and/or sequential designation Dec
520 ## - SUMMARY, ETC.
Summary, etc. During the previous two decades, researchers have conducted an array of empirical studies of local government contracting for services. Some of the more recent findings have suggested that this form of privatization has become less politically controversial and more accepted as a service delivery approach. Do politics still matter when it comes to explaining patterns in local government contracting? The findings from this study indicate that the influence of political factors, such as demand for smaller government and public employee opposition to privatization, still help to account for variations in local government contracting, as they did during the 1980s and early 1990s. Contract management capacity is an important determinant of local government contracting. - Reproduced.
650 ## - SUBJECT ADDED ENTRY--TOPICAL TERM
Topical term or geographic name entry element Local government - United States
650 ## - SUBJECT ADDED ENTRY--TOPICAL TERM
Topical term or geographic name entry element Local government
700 ## - ADDED ENTRY--PERSONAL NAME
Personal name Brudney, Jeffrey L.
700 ## - ADDED ENTRY--PERSONAL NAME
Personal name Ryu, Jay Eungha
773 ## - HOST ITEM ENTRY
Main entry heading American Review of Public Administration
908 ## - PUT COMMAND PARAMETER (RLIN)
Put command parameter N
909 ## -
-- 81230
Holdings
Withdrawn status Lost status Damaged status Not for loan Permanent Location Current Location Date acquired Serial Enumeration / chronology Barcode Date last seen Price effective from Koha item type
        Indian Institute of Public Administration Indian Institute of Public Administration 2018-07-19 Volume no: 38, Issue no: 4 AR81690 2018-07-19 2018-07-19 Articles

Powered by Koha